Britain In India : (Record no. 194004)

000 -LEADER
fixed length control field 01121 a2200157 4500
003 - CONTROL NUMBER IDENTIFIER
control field NUST
005 - DATE AND TIME OF LATEST TRANSACTION
control field 20230202121813.0
040 ## - CATALOGING SOURCE
Transcribing agency Nust
082 ## - DEWEY DECIMAL CLASSIFICATION NUMBER
Classification number 954.03,MAS
100 ## - MAIN ENTRY--PERSONAL NAME
Personal name Masani, R. P.
9 (RLIN) 108464
245 ## - TITLE STATEMENT
Title Britain In India :
Remainder of title An Account of British Rule in The Indian Subcontinent /
Statement of responsibility, etc. R.P. Mashani
260 ## - PUBLICATION, DISTRIBUTION, ETC.
Place of publication, distribution, etc. London
Name of publisher, distributor, etc. Oxford universty press
Date of publication, distribution, etc. 1960
300 ## - PHYSICAL DESCRIPTION
Extent xi:278 p.;
505 ## - FORMATTED CONTENTS NOTE
Formatted contents note The Lure of India (Page-1), Dream of an Empire (Page-7), The Vision of a Self – Governing India (Page-15), The Empire at Its Zenith (Page-29), The Scepter Passes to the Crown (Page-40), The Growth of India Nationalism (Page-52), Liberalizing The Administrative Machinery (Page-68), An Era of Reforms (Page-76), A hero’s Home – Coming (Page-96), The Doctrine of Non-Violence (Page-106), From Diarchy to anarchy (Page-118), The Round Table Conference and After (Page-130), Rebels in Office (Page-153), a Frustrated Mission (Page-179), Quit India (Page-189), Toward Co- Operation (Page-206), Britain Ready (Page-229), The Congress Submits to Partition (Page-247), Exit Britain (Page-263).
942 ## - ADDED ENTRY ELEMENTS (KOHA)
Source of classification or shelving scheme
Koha item type Book
Call number prefix 954.03,MAS
Holdings
Withdrawn status Lost status Source of classification or shelving scheme Damaged status Not for loan Permanent Location Current Location Shelving location Date acquired Full call number Barcode Date last seen Price effective from Koha item type Public note
          Military College of Signals (MCS) Military College of Signals (MCS) General Stacks 12/12/2016 954.03,MAS MCS29139 12/08/2016 12/12/2016 Book Almirah No.61, Shelf No.4
© 2023 Central Library, National University of Sciences and Technology. All Rights Reserved.